| 000 | 01484cam a2200337 a 4500 | ||
|---|---|---|---|
| 001 | EDZ0000082913 | ||
| 003 | StDuBDS | ||
| 005 | 20161031105209.0 | ||
| 006 | m||||||||d|||||||| | ||
| 007 | cr ||||||||||| | ||
| 008 | 120427s2010 enka fo| 001|0|eng|d | ||
| 020 |
_a9781446251621 (ebook) : _cNo price |
||
| 040 |
_aStDuBDS _beng _cStDuBDS _epn |
||
| 049 | _aAlfaisal Main Library | ||
| 050 | 4 | _aQE511 | |
| 082 | 0 | 4 |
_a551.3 _223 |
| 100 | 1 |
_aGregory, K. J. _q(Kenneth John) |
|
| 245 | 1 | 4 |
_aThe Earth's land surface _h[electronic resource] : _blandforms and processes in geomorphology / _cby Kenneth J. Gregory. |
| 260 |
_aLondon : _bSAGE, _cc2010. |
||
| 300 |
_a1 online resource (x, 348 p.) : _bill. (some col.) |
||
| 520 | 8 | _aThis text details the land surface of the Earth and covers the major issues, key themes and sensitivities of the environments/landscape. Emphasising the major ideas and their development, each chapter includes case studies and details of influential scientists who have contributed to the progress of understanding this field. | |
| 521 | _aSpecialized. | ||
| 588 | _aDescription based on print version record. | ||
| 504 | _aIncludes bibliographical references and index. | ||
| 651 | 0 |
_aEarth _xSurface. |
|
| 655 | 7 |
_aElectronic books. _2local |
|
| 710 | 2 | _aSage eBooks | |
| 776 | 0 | 8 |
_iPrint version : _z9781848606203 |
| 856 | 4 | 0 | _uhttp://ezproxy.alfaisal.edu/login?url=http://sk.sagepub.com/books/the-earths-land-surface |
| 942 |
_2lcc _cEBOOKS |
||
| 999 |
_c481493 _d481493 |
||